000 00447nam a2200181Ia 4500
005 20250603145125.0
008 250603s9999 xx 000 0 und d
020 _a9789784869508
050 _aHD 6955 .I53/
100 _aEdited by Olakunle A. Ogunbameru & Ehi P. Oribabor
245 0 _aIndustrial sociology
260 _aIbadan
260 _bPenthouse Publication
260 _c2008
300 _a412 p
650 _aIbadan
942 _cBK
999 _c40944
_d40944